SYSTEM ANALYSIS AND DESIGN (Record no. 216305)
[ view plain ]
| 000 -LEADER | |
|---|---|
| fixed length control field | 00465nam a22001817a 4500 |
| 008 - FIXED-LENGTH DATA ELEMENTS--GENERAL INFORMATION | |
| fixed length control field | 251127b |||||||| |||| 00| 0 eng d |
| 020 ## - INTERNATIONAL STANDARD BOOK NUMBER | |
| International Standard Book Number | 978-1-118-09374-0 |
| 100 ## - MAIN ENTRY--PERSONAL NAME | |
| Personal name | ROTH, ROBERTA M. |
| 245 ## - TITLE STATEMENT | |
| Title | SYSTEM ANALYSIS AND DESIGN |
| 250 ## - EDITION STATEMENT | |
| Edition statement | 5TH ED |
| 260 ## - PUBLICATION, DISTRIBUTION, ETC. | |
| Name of publisher, distributor, etc. | WILEY |
| Date of publication, distribution, etc. | 2013 |
| 300 ## - PHYSICAL DESCRIPTION | |
| Extent | XXIV, 560P. |
| 500 ## - GENERAL NOTE | |
| General note | INCLUDES INDEX |
| 650 ## - SUBJECT ADDED ENTRY | |
| Topical term or geographic name entry element | 1. SYSTEM DESIGN 2. SYSTEM ANALYSIS |
| 700 ## - ADDED ENTRY--PERSONAL NAME | |
| Personal name | DENNIS, ALAN |
| 942 ## - ADDED ENTRY ELEMENTS (KOHA) | |
| Source of classification or shelving scheme | Library of Congress Classification |
| Koha item type | Long Loan Book |
| Withdrawn status | Lost status | Source of classification or shelving scheme | Damaged status | Not for loan | Collection | Home library | Current library | Shelving location | Date acquired | Inventory number | Total checkouts | Full call number | Barcode | Date last seen | Copy number | Price effective from | Koha item type |
|---|---|---|---|---|---|---|---|---|---|---|---|---|---|---|---|---|---|
| Library of Congress Classification | Science & Technology | Kisii University Library | Kisii University Library | On Display | 11/27/2025 | 110219 | QA 76.9 .S88R68 2013 | 000000019175 | 11/27/2025 | C.1 | 11/27/2025 | Long Loan Book | |||||
| Library of Congress Classification | Science & Technology | Kisii University Library | Kisii University Library | On Display | 11/27/2025 | 110220 | QA 76.9 .S88R68 2013 | 000000019176 | 11/27/2025 | C.2 | 11/27/2025 | Long Loan Book | |||||
| Library of Congress Classification | Science & Technology | Kisii University Library | Kisii University Library | On Display | 11/27/2025 | 110221 | QA 76.9 .S88R68 2013 | 000000020077 | 11/27/2025 | C.3 | 11/27/2025 | Long Loan Book |